USA Tourist Attractions by Description #1 - Statistics

General Stats
  • This quiz has been taken 27,041 times
  • The average score is 12 of 24
Answer Stats
Description Attraction % Correct
Huge statue in New York Harbor Statue of Liberty
99%
Mountain with Presidential faces Mount Rushmore
95%
Former prison in San Francisco Bay Alcatraz
88%
Orange-red bridge in San Francisco Golden Gate Bridge
82%
Brightly lit intersection in NYC Times Square
79%
Huge dam near Las Vegas Hoover Dam
76%
Huge waterfalls split between New York and Canada Niagara Falls
72%
New York Harbor island, a former gateway for US immigrants Ellis Island
67%
Former mission in San Antonio where Davy Crockett met his end The Alamo
64%
New Jersey city famous for its boardwalk and casinos Atlantic City
61%
Star-filled sidewalk along Hollywood Boulevard Walk of Fame
61%
Famous Yellowstone Park geyser Old Faithful
59%
Chicago's tallest building Willis Tower
57%
Place where four states intersect Four Corners
55%
Large lake between California and Nevada Lake Tahoe
48%
Historic New Orleans neighborhood French Quarter
40%
World's largest cave system, in Kentucky Mammoth Cave
28%
Kentucky Derby racetrack Churchill Downs
20%
Military frigate built in 1797 and docked in Boston USS Constitution
20%
Spring break island in South Texas South Padre Island
17%
Palatial residence of William Randolph Hearst Hearst Castle
15%
Heavily advertised drug store in South Dakota Wall Drug
15%
World's largest tree, named after a Civil War general General Sherman
14%
House with weird stuff near Spring Green, WI House on the Rock
6%
No matching quizzes found
Score Distribution
Percent of People with Each Score
Percentile by Number Answered
Your Score History
You have not taken this quiz